All slimes in Slime Rancher 1 and 2 - Statistics

General Stats
  • This quiz has been taken 14 times
  • The average score is 26 of 37
Answer Stats
Slime Rancher Slimes % Correct
1 and 2 Boom Slime
100%
2 Cotton Slime
100%
1 and 2 Gold Slime
100%
1 and 2 Hunter Slime
100%
1 and 2 Lucky Slime
100%
1 and 2 Pink Slime
100%
2 Angler Slime
89%
2 Batty Slime
89%
1 and 2 Crystal Slime
89%
1 and 2 Dervish Slime
89%
1 and 2 Honey Slime
89%
1 and 2 Phosphor Slime
89%
1 Rad Slime
89%
1 and 2 Rock Slime
89%
1 and 2 Tabby Slime
89%
1 Mosaic Slime
78%
1 and 2 Puddle Slime
78%
1 Quantum Slime
78%
2 Ringtail Slime
78%
1 and 2 Saber Slime
78%
1 and 2 Tangle Slime
78%
1 and 2 Fire Slime
67%
1 Quicksilver Slime
67%
2 Shadow Slime
67%
2 Flutter Slime
56%
1 and 2 Gordo Slime
56%
1 and 2 Largo Slime
56%
2 Sloomber Slime
56%
2 Twin Slime
56%
2 Hyper Slime
44%
1 and 2 The Tarr
44%
2 Yolky Slime
44%
1 Glitch Slime
33%
1 Party Gordo
33%
1 and 2 Feral Slime
22%
1 Twinkle Slime
22%
1 Meteor Slime
11%
No matching quizzes found
Score Distribution
Percent of People with Each Score
Percentile by Number Answered
Your Score History
You have not taken this quiz